00880nam a2200205 a 450000100100000000500170001000800410002704000250006808200140009324500860010726000410019330000260023449000150026050000500027550501620032570000350048783000220052295201130054499900170065700002906820200930055318.0110413s2007 sp 000 0 spa d aDO-SdBNPbspacBNPHU axxxbD54500aDiccionario inglés-español - español-inglés /ccompilador Ricard Jordana. aBarcelona, España :bNauta,c2007. a241, 188 p. ;c29 cm.1 aAlfa nauta aPáginas opuestas con numeración repetida.2 tAbreviaturas --tTabla de símbolos fonéticos --tNotas para el uso del diccionario --tDiccionario inglés-español --tDiccionario español- inglés1 aJordana, Ricard,ecomp.955971 0aAlfa nauta924631 0010507-18MOaGRbGRcOId2011-04-13iLF1l0oxxx D545p29068-10r2020-06-25w2020-06-25y1ZNo se presta c28560d28560